书目信息 |
| 题名: |
中文版Photoshop淘宝网店设计入门与提高
|
|
| 作者: | 周嘉 编著 | |
| 分册: | ||
| 出版信息: | 北京 人民邮电出版社 2017.7 |
|
| 页数: | 240页, [8] 页图版 | |
| 开本: | 26cm | |
| 丛书名: | 新编实战型全功能实训教材 | |
| 单 册: | ||
| 中图分类: | TP391.41 , TP391.413 | |
| 科图分类: | ||
| 主题词: | 图象处理软件--tu xiang chu li ruan jian | |
| 电子资源: | ||
| ISBN: | 978-7-115-45854-4 | |
| 000 | 01372nam 2200301 450 | |
| 001 | 0400003210 | |
| 005 | 20171021205332.0 | |
| 010 | @a978-7-115-45854-4@dCNY59.80 | |
| 099 | @aCAL 012017116614 | |
| 100 | @a20170713d2017 em y0chiy50 ea | |
| 101 | 0 | @achi |
| 102 | @aCN@b110000 | |
| 105 | @aaf z 000yy | |
| 106 | @ar | |
| 200 | 1 | @a中文版Photoshop淘宝网店设计入门与提高@Azhong wen ban Photoshop tao bao wang dian she ji ru men yu ti gao@f周嘉编著 |
| 210 | @a北京@c人民邮电出版社@d2017.7 | |
| 215 | @a240页, [8] 页图版@c图 (部分彩图)@d26cm | |
| 225 | 2 | @a新编实战型全功能实训教材@Axin bian shi zhan xing quan gong neng shi xun jiao cai |
| 300 | @a全彩印刷 in印象 | |
| 330 | @a本书介绍了网店设计概念、网店六大核心区域设计的要点和不同类型网店首页的装饰设计等内容。全书共11课,第1课介绍了网店设计的基础内容和概念,第2课讲解了Photoshop中用于网店设计的重要工具,后面9课详细讲解了店招、导航条、首页欢迎模板、收藏区、客服区和商品详情页这六大区域,以及服饰、食品和首饰这3种不同类型网店的设计技巧。 | |
| 410 | 0 | @12001 @a新编实战型全功能实训教材 |
| 517 | 1 | @aPhotoshop淘宝网店设计入门与提高@APhotoshop tao bao wang dian she ji ru men yu ti gao |
| 606 | 0 | @a图象处理软件@Atu xiang chu li ruan jian |
| 690 | @aTP391.41@v4 | |
| 690 | @aTP391.413@v5 | |
| 701 | 0 | @a周嘉@Azhou jia@4编著 |
| 801 | 0 | @aCN@bMARC@c20171021 |
| 905 | @b1033491-5@dTP391.41@f5@e1389 | |
| 中文版Photoshop淘宝网店设计入门与提高/周嘉编著.-北京:人民邮电出版社,2017.7 |
| 240页, [8] 页图版:图 (部分彩图);26cm.-(新编实战型全功能实训教材) |
| 全彩印刷 in印象 |
| ISBN 978-7-115-45854-4:CNY59.80 |
| 本书介绍了网店设计概念、网店六大核心区域设计的要点和不同类型网店首页的装饰设计等内容。全书共11课,第1课介绍了网店设计的基础内容和概念,第2课讲解了Photoshop中用于网店设计的重要工具,后面9课详细讲解了店招、导航条、首页欢迎模板、收藏区、客服区和商品详情页这六大区域,以及服饰、食品和首饰这3种不同类型网店的设计技巧。 |
| ● |
| 相关链接 |
|
|
|
|
正题名:中文版Photoshop淘宝网店设计入门与提高
索取号:TP391.41/1389
 
预约/预借
| 序号 | 登录号 | 条形码 | 馆藏地/架位号 | 状态 | 备注 |
| 1 | 1033491 | 210334912 | 第二样本阅览室/ [索取号:TP391.41/1389] | 在馆 | |
| 2 | 1033492 | 210334921 | 第三借阅区/ [索取号:TP391.41/1389] | 在馆 | |
| 3 | 1033493 | 210334930 | 第三借阅区/ [索取号:TP391.41/1389] | 在馆 | |
| 4 | 1033494 | 210334949 | 密集书库—计算机科学学院/ [索取号:TP391.41/1389] | 在馆 | |
| 5 | 1033495 | 210334958 | 第三借阅区/ [索取号:TP391.41/1389] | 在馆 |